Normale Ansicht MARC-Ansicht ISBD

Faschismus als soziale Bewegung : (Titelsatznr. 39864)

[ MARC ]
MARC-Details
000 -Satzkennung
Kontrollfeld mit fester Länge 00929nam a22002771c 4500
001 - Kontrollnummer
Kontrollfeld a987677862
008 - Feld mit fester Länge zur physischen Beschreibung - Allgemeine Angaben
Kontrollfeld mit fester Länge 161108s1983 gw |||| 000u ger d
020 ## - Internationale Standardbuchnummer
Internationale Standardbuchnummer 3525334850
Verknüpfung 3-525-33485-0
041 ## - Sprachcode
Sprachcode des Textes/der Tonspur oder des separaten Titels ger
040 ## - Katalogisierungsquelle
Übertragungsstelle RU-10907106
003 - Kontrollnummer Identifier
Kontrollfeld RU-10907106
245 00 - Titel
Titel Faschismus als soziale Bewegung :
Zusatz zum Titel Deutschland und Italien im Vergleich /
Verfasserangabe etc. Wolfgang Schieder (Hrsg.)
250 ## - Ausgabebezeichnung
Ausgabebezeichnung 2. Aufl.
264 ## - Produktion, Veröffentlichung, Distribution, Herstellung und Urheberrechtsvermerk
Herstellungs-, Veröffentlichungs- Vertriebs-, Erzeugungsort Göttingen :
Produzent, Herausgeber, Distributor, Hersteller Vandenhoeck & Ruprecht,
Datum der Herstellung, der Veröffentlichung, des Vertriebs oder des Urheberschutzvermerks 1983
300 ## - Physische Beschreibung
Umfang 211 S. : graph. Darst
490 #0 - Gesamttitelangabe
Gesamttitelangabe kleine Vandenhoeck-Reihe
Bandnummer/Folgebezeichnung 1492
530 ## - Fußnote zu anderen erhältlichen Formen
Fußnote zu anderen erhältlichen Formen Auch als Online-Ressource frei zugänglich
650 #0 - Nebeneintragung unter einem Schlagwort - Sachschlagwort
Sachschlagwort oder geografischer Name als Eintragungselement Faschismus
650 #0 - Nebeneintragung unter einem Schlagwort - Sachschlagwort
Sachschlagwort oder geografischer Name als Eintragungselement Nationalsozialismus
651 #0 - Nebeneintragung unter einem Schlagwort - Geografischer Name
Geografischer Name Deutschland
651 #0 - Nebeneintragung unter einem Schlagwort - Geografischer Name
Geografischer Name Italien
700 1# - Nebeneintragung - Personenname
Personenname Schieder, Wolfgang
Funktionsbezeichnung HerausgeberIn
Koha-Normdatenidentnummer 5702
700 1# - Nebeneintragung - Personenname
Personenname Kater, Michael H.
Funktionsbezeichnung MitarbeiterIn
Koha-Normdatenidentnummer 14117
856 4# - Elektronische Adresse und Zugriff
URL <a href="http://nbn-resolving.de/urn/resolver.pl?urn=urn:nbn:de:bvb:12-bsb00052471-2">http://nbn-resolving.de/urn/resolver.pl?urn=urn:nbn:de:bvb:12-bsb00052471-2</a>
942 ## - Zusätzliche Felder (Koha)
Koha-Medientyp Monographien
Exemplare
Ausgeschieden Verloren Klassifikation oder Aufstellungssystematik Beschädigt Nicht entleihbar Heimatbibliothek Aufenthaltsbibliothek Aufstellungsort Erwerbungsdatum Inventarnummer Signatur Barcode Letzte Aktivität Preis gültig von Koha-Medientyp
    Andere/Generische Klassifikation     MWN Osteuropa MWN Osteuropa Lesesaal - 1 08/11/2016 16-04067 Ersatzß D 52 ej Schie E00401506CBDECD8 23/02/2021 22/03/2021 Monographien